Breath of the dragon /
Sixteen-year-old Jun, determined to restore his father's honor despite not being breathmarked, secretly enters in the elite Guardian's Tournament, where he discovers he is fighting for the country's fate.
| Main Authors: | , |
|---|---|
| Format: | Book |
| Language: | English |
| Published: |
New York :
Wednesday Books,
2025.
|
| Edition: | First edition. |
| Series: | Lee, Shannon, 1969- Breathmarked ;
1. |
| Subjects: |
TEENS
> TEENAGER
> WUXIA
> EPIC
> BATTLES
> DUOLOGY
> ACTION ADVENTURE
> COMING OF AGE
> FAMILY
> WARRIOR
> YOUNG ADULT
> BESTSELLING AUTHOR
> GIFTS FOR TEEN BOYS
> ASIAN WRITERS
> SWORD FIGHT
> YA
> TWISTY EPICS
> BRUCE LEE
> OWN VOICES
> CHINA
|
MARC
| Tag | First Indicator | Second Indicator | Subfields |
|---|---|---|---|
| LEADER | 00000cam a22000008i 4500 | ||
| 001 | in00005614233 | ||
| 008 | 240730s2025 nyub d 000 1 eng | ||
| 005 | 20250130153452.0 | ||
| 010 | |a 2024027054 | ||
| 035 | |a (OCoLC)on1450434755 | ||
| 040 | |a DLC |b eng |e rda |c DLC |d OCLCO |d IG# |d JCX |d OJ4 |d SDD |d IK2 | ||
| 020 | |a 9781250902672 |q (sprayed edge hardcover) | ||
| 020 | |a 1250902673 |q (sprayed edge hardcover) | ||
| 020 | |a 9781250391148 |q (hardcover) | ||
| 020 | |a 1250391148 |q (hardcover) | ||
| 020 | |a 9781250406255 |q (international) | ||
| 020 | |a 1250406250 |q (international) | ||
| 020 | |z 9781250902689 |q (ebook) | ||
| 035 | |a (OCoLC)1450434755 | ||
| 042 | |a pcc | ||
| 050 | 0 | 0 | |a PZ7.1.L4279 |b Br 2025 |
| 082 | 0 | 0 | |a [Fic] |2 23 |
| 100 | 1 | |a Lee, Shannon, |d 1969- |e author. |1 https://id.oclc.org/worldcat/entity/E39PBJjCPKcctFc6FFvvRJkdQq | |
| 245 | 1 | 0 | |a Breath of the dragon / |c Shannon Lee and Fonda Lee. |
| 250 | |a First edition. | ||
| 263 | |a 2501 | ||
| 264 | 1 | |a New York : |b Wednesday Books, |c 2025. | |
| 300 | |a 341 pages : |b map ; |c 25 cm | ||
| 336 | |a text |b txt |2 rdacontent | ||
| 337 | |a unmediated |b n |2 rdamedia | ||
| 338 | |a volume |b nc |2 rdacarrier | ||
| 385 | |n age |a Teenagers |0 (DLC) dg2015060011 | ||
| 490 | 1 | |a Breathmarked ; |v 1 | |
| 521 | |a Ages 13-18. |b Wednesday Books. | ||
| 520 | |a Sixteen-year-old Jun, determined to restore his father's honor despite not being breathmarked, secretly enters in the elite Guardian's Tournament, where he discovers he is fighting for the country's fate. | ||
| 650 | 0 | |a Contests |v Juvenile fiction. | |
| 650 | 0 | |a Magic |v Juvenile fiction. | |
| 650 | 0 | |a Martial arts |v Juvenile fiction. | |
| 650 | 0 | |a Betrayal |v Juvenile fiction. | |
| 650 | 0 | |a Kings and rulers |v Juvenile fiction. | |
| 650 | 0 | |a Teenagers |v Juvenile fiction. | |
| 650 | 1 | |a Contests |v Fiction. | |
| 650 | 1 | |a Magic |v Fiction. | |
| 650 | 1 | |a Fantasy. | |
| 653 | |a TEENS |a TEENAGER |a WUXIA |a EPIC |a BATTLES |a DUOLOGY |a ACTION ADVENTURE |a COMING OF AGE |a FAMILY |a WARRIOR |a YOUNG ADULT |a BESTSELLING AUTHOR |a GIFTS FOR TEEN BOYS |a ASIAN WRITERS |a SWORD FIGHT |a YA |a TWISTY EPICS |a BRUCE LEE |a OWN VOICES |a CHINA | ||
| 655 | 7 | |a Fantasy fiction. |2 lcgft | |
| 655 | 7 | |a Novels. |2 lcgft | |
| 700 | 1 | |a Lee, Fonda, |e author. |1 https://id.oclc.org/worldcat/entity/E39PBJmMYxmK4Gdg8Hk9M7jjYP | |
| 800 | 1 | |a Lee, Shannon, |d 1969- |t Breathmarked ; |v 1. | |
| 938 | |a Ingram Library Services |b INGR |n in022503488 | ||
| 994 | |a Z0 |b TXA | ||
| 948 | |h NO HOLDINGS IN TXA - 144 OTHER HOLDINGS | ||
| 999 | f | f | |s e310677a-6f66-4d2a-a5be-5ddae0593fd5 |i 9d6cab5d-49aa-49ed-9967-e16dd2c6b782 |t 0 |
| 952 | f | f | |p 30_day |a Texas A&M University |b College Station |c Sterling C. Evans Library |s Evans Bestseller Collection |d Evans Bestseller Collection |t 0 |e PZ7.1.L4279 Br 2025 |h Library of Congress classification |i unmediated -- volume |m A14852217141 |
| 998 | f | f | |a PZ7.1.L4279 Br 2025 |t 0 |l Evans: Curriculum Collection (4th floor) |